| 000 | 00392 a2200133 4500 | ||
|---|---|---|---|
| 003 | Nust | ||
| 005 | 20170207161244.0 | ||
| 040 | _cNust | ||
| 082 | _a799 | ||
| 245 |
_aInspection ADM Team A Visit MCS, Photograps-2013 (Softcopy) _cMCS |
||
| 260 |
_aRawalpindi _bMCS _c18-03-2013 |
||
| 650 | _aPictures of Inspection ADM Team A Visit MCS, Photograps-2013, (CD-NO 23,Vol-I) | ||
| 651 | _aSweet Memories-MCS | ||
| 942 | _cBK | ||
| 999 |
_c203431 _d203431 |
||